| 000 | 00400nam a2200145Ia 4500 | ||
|---|---|---|---|
| 008 | 220216s9999 xx 000 0 und d | ||
| 100 | _aSaid Ahmad | ||
| 245 | 0 | _aWithdrawal and bending strengths of dowels from three Malaysian timbers | |
| 260 |
_bJournal of Tropical Forest Science _c1993 |
||
| 300 | _a74-80 | ||
| 700 | _aAshaari H A | ||
| 700 | _aHilmi M T | ||
| 700 | _aRoslan A | ||
| 942 | _cBO | ||
| 999 |
_c48313 _d48313 |
||